A nyelvi készségek jelentősége a magyarországi HR szakemberek toborzási és kiválasztási gyakorlatában

Bibliográfiai részletek
Szerző: Simon Boglárka
További közreműködők: Szénich Dr. Alexandra Emőke
Dokumentumtípus: Diplomadolgozat
Kulcsszavak:HR
idegen nyelv ismeret
munkaerő kiválasztás
munkaerőpiac
munkavállalók
Online Access:http://dolgozattar.uni-bge.hu/59456

MARC

LEADER 00000nta a2200000 i 4500
001 dolg59456
005 20260409145102.0
008 260409suuuu hu om 000 hun d
040 |a BGE Dolgozattár Repozitórium  |b hun 
041 |a hu 
100 1 |a Simon Boglárka 
245 1 2 |a A nyelvi készségek jelentősége a magyarországi HR szakemberek toborzási és kiválasztási gyakorlatában  |c Simon Boglárka  |h [elektronikus dokumentum] 
520 3 |a Dolgozatom témája a nyelvi készségek szerepe a magyarországi HR szakemberek toborzási és kiválasztási gyakorlatában. Célom feltárni, hogy mely idegen nyelvek ismerete a legfontosabb a munkaerőpiacon különböző szektorokban és hogyan befolyásolja a nyelvtudás a HR döntéshozatalt. A kutatás során hét fő kérdésre kerestem választ: az idegennyelv-tudás fontosságára, használatának gyakoriságára a munkahelyeken, a legértékesebb idegen nyelvekre, a nyelvtudás felmérésének módszereire, a munkáltatók által kínált nyelvi képzésekre, a felnőttkori nyelvtanulás motivációs tényezőire, valamint az AI hatására a nyelvi elvárások változásában. Kutatási módszereim: félig strukturált interjúk HR szakemberekkel és kérdőíves felmérés felsőfokú végzettségű vagy felsőoktatásban tanuló munkavállalók körében. Az eredmények alapján vegyesen oszlik meg az idegennyelv-tudás fontossága, de ez nem zárja ki jelentőségét. Az angol nyelv a legjobban elvárt idegen nyelv, de a német nyelv is kiemelkedő. A tényleges gyakorlati nyelvtudás jelentősége meghaladja a nyelvvizsga meglétét. 
695 |a HR 
695 |a idegen nyelv ismeret 
695 |a munkaerő kiválasztás 
695 |a munkaerőpiac 
695 |a munkavállalók 
700 1 |a Szénich Dr. Alexandra Emőke  |e ths 
856 4 0 |u http://dolgozattar.uni-bge.hu/59456/1/Szakdolgozat.pdf  |z Dokumentum-elérés 
856 4 0 |u http://dolgozattar.uni-bge.hu/59456/2/Simon_Bogl%C3%A1rka_k%C3%BCls%C5%91_b%C3%ADr%C3%A1lat.pdf  |z Dokumentum-elérés 
856 4 0 |u http://dolgozattar.uni-bge.hu/59456/3/Simon_Bogl%C3%A1rka_%20konzulensi%20_b%C3%ADr%C3%A1lat.pdf  |z Dokumentum-elérés